傾城一諾 . 復仇伊始 . 8

資料類型: Book 圖書   書目號:52922

Leader xxxxxxxxxx
001 __ 102578/7/01
005 __ 20190417142303.596
010 0_ |a9789869446785|b第8冊 : 平裝|d新臺幣280元
042 __ |anbic
100 __ |a20190417d2017    m  y0chiy50      e
101 0_ |achi
102 __ |atw
105 __ |ay   z   000ay
200 1_ |a傾城一諾|h8|i復仇伊始|f鳳今著
205 __ |a初版
210 __ |a臺北市|c晴空文化|c家庭傳媒城邦分公司|d2017[民106]
215 0_ |a429面|d21公分
225 12 |a悅讀NOVEL|v8
517 1_ |a復仇伊始|zchi
700 _1 |a鳳今|4681 __ |a857.7|b856 v.8
801 _0 |atw|bLibDipper|c20190417|gCCR
詳細館藏(共 1 筆)
索 書 號登 錄 號冊次號館別 / 館藏地流通類型狀態加入預約清單電子資源
857.7 / 856 1025787 v.8 圖書館 / 一樓普通區 可外借30天 在館   

| 條列資料




目錄查詢 分類查詢 個人資料 圖書薦購 新書查詢 閉館日 排行榜 更多電子資源 Hami書城 線上資料庫 登出

From : 216.73.217.87

  本日流通累計至 10:10:25 借閱 : 10 次 續借 : 0 次 歸還 : 9 次 預約 : 0 次 電子資源 : 0 次


內湖高中圖書館  PCLIS 版本  26.5.0.12